000 00747cam a2200253 i 4500
999 _c68700
_d68697
003 PK-NaQUE
005 20250313123526.0
008 250313b ||||| |||| 00| 0 eng d
020 _a9781491954461
040 _cQUEST
082 0 4 _a005.74BRA
100 1 _aBradshaw, Shannon,
245 1 0 _aMongoDB : the definitive guide powerful and scalable data storage
250 _a3rd edition
260 _aBoston:
_bO'Reilly,
_c2019.
300 _axix, 489 pages :
_billustrations ;
650 0 _aDatabase management.
650 0 _aOpen source software.
650 0 _aObject-oriented databases.
700 1 _aChodorow, Kristina
700 1 _aBrazil, Eoin
856 _uhttp://10.10.170.122:8080/browse/book/26841
_yeBook
942 _cBK
_2ddc